Will the real first-time buyers please stand up? (Record no. 105259)
[ view plain ]
| 000 -LEADER | |
|---|---|
| fixed length control field | 01355cam a2200205 4500 |
| 001 - CONTROL NUMBER | |
| control field | ##L132856 |
| 008 - FIXED-LENGTH DATA ELEMENTS--GENERAL INFORMATION | |
| fixed length control field | 060314n2006 000 0 eng u |
| 035 ## - SYSTEM CONTROL NUMBER | |
| System control number | (Sirsi) u132856 |
| 041 0# - LANGUAGE CODE | |
| Language code of text/sound track or separate title | eng |
| 100 1# - MAIN ENTRY--PERSONAL NAME | |
| Personal name | Tatch, James |
| 245 00 - TITLE STATEMENT | |
| Title | Will the real first-time buyers please stand up? |
| 260 ## - PUBLICATION, DISTRIBUTION, ETC. | |
| Date of publication, distribution, etc. | 2006 |
| 490 #0 - SERIES STATEMENT | |
| Series statement | Housing Finance |
| Volume/sequential designation | February 2006 |
| 520 ## - SUMMARY, ETC. | |
| Summary, etc. | Examines the implications of the low numbers of first-time buyers for the dynamics of the housing market. Breaks down the diverse group of first-time buyers into three subgroups: unassisted, assisted and returners and looks at their characteristics to give greater insight into how they will influence the housing market in future. Concludes that by far the biggest obstacle for would-be first-time buyers is raising a deposit of sufficient size and although overall there are still significant numbers of first-time buyers in the market providing ever-larger deposits, the figures hide the fact there are several different types of borrower in reported first-time buyer numbers. Charts, tables and references. |
| 590 ## - LOCAL NOTE (RLIN) | |
| Local note | IKA140306 |
| 690 ## - LOCAL SUBJECT ADDED ENTRY--TOPICAL TERM (OCLC, RLIN) | |
| Topical term or geographic name as entry element | PROPERTY-RESIDENTIAL PROPERTY-RESIDENTIAL PROPERTY FINANCE AND INVESTMENT |
| 700 1# - ADDED ENTRY--PERSONAL NAME | |
| Personal name | Pannell, Bob |
| 856 40 - ELECTRONIC LOCATION AND ACCESS | |
| Uniform Resource Identifier | <a href="https://www.cml.org.uk/cml/publications/research">https://www.cml.org.uk/cml/publications/research</a> |
| Public note | View the article free of charge at www.cml.org.uk... |
| 942 ## - ADDED ENTRY ELEMENTS (KOHA) | |
| Suppress in OPAC | 0 |
| Withdrawn status | Lost status | Source of classification or shelving scheme | Damaged status | Not for loan | Home library | Current library | Shelving location | Date acquired | Total Checkouts | Full call number | Barcode | Date last seen | Copy number | Price effective from | Koha item type |
|---|---|---|---|---|---|---|---|---|---|---|---|---|---|---|---|
| Dewey Decimal Classification | Virtual | Virtual | Online | 14/03/2006 | ONLINE PUBLICATION | 132856-2001 | 06/08/2019 | 1 | 06/08/2019 | Book |